Most Famous Chess Players - Statistics

General Stats
  • This quiz has been taken 613 times
  • The average score is 11 of 26
Answer Stats
Answer % Correct
Norway Magnus Carlsen
92%
USA Bobby Fischer
89%
USSR/Russia Garry Kasparov
89%
USSR/Russia Anatoly Karpov
72%
India Viswanathan Anand
65%
USA Hikaru Nakamura
58%
Cuba José Raúl Capablanca
57%
Latvia/USSR Mikhail Tal
51%
China Ding Liren
49%
USSR/France Boris Spassky
48%
USA Fabiano Caruana
44%
Russia Vladimir Kramnik
38%
Germany Emanuel Lasker
37%
Russia/France Alexander Alekhine
36%
Armenia/USA Levon Aronian
35%
USSR Mikhail Botvinnik
34%
Austria/USA Wilhelm Steinitz
33%
Netherlands Max Euwe
31%
Bulgaria Veselin Topalov
31%
USA Paul Morphy
30%
Hungary Judit Polgár
29%
USSR Tigran Petrosian
28%
USSR Vasily Smyslov
19%
Russia Sergey Karjakin
13%
Prussia Adolf Anderssen
8%
USSR/Georgia Nona Gaprindashvili
5%
No matching quizzes found
Score Distribution
Percent of People with Each Score
Percentile by Number Answered
Your Score History
You have not taken this quiz